000 00339nam a2200145Ia 4500
008 210210b1976 xxu||||| |||| 00| 0 eng d
082 _a301 MUKP
100 _aMUKHI (H R).
245 _aPrinciples of sociology.
250 _a
260 _aDelhi
_bSurjeet book depot
_c1976
300 _avi,500
690 _aSociology
906 _a037121
999 _c86979
_d86979